00501nam a2200145Ia 4500008004100000041000800041082001500049100001600064245004500080260004200125300003200167365000900199999001700208952013000225240624s9999 xx 000 0 und d aeng a658.15 BER aBERK JOSEPH aCOST REDUCTION AND OPTIMIZATION FOR MANU c2010aNew JerseybJohn Wiley and Sons aviii, : 258 : p. : cm. ; 24 cb30 c14886d14886 00104070aIMTNbIMTNcRack 23-Ad2010-03-30eBWEg74.95n9118o658.15 BERp14886r2024-06-24 00:00:00t48.9w2024-06-24yBK